MDQL
is popping MORE tags! Check the
thread
!
Quizzes
Events
Quiz Creation
Community
Videos
Private Events
Remove Ads
Sign In
Join for FREE
Feedback
Dark Mode
Quiz Categories
Sports
Geography
Music
Movies
Television
Just For Fun
Miscellaneous
History
Literature
Language
Science
Gaming
Entertainment
Religion
Holiday
For Kids
Quiz Lab
Recent
Popular Today
Quiz Kudos Today
Editor Picks
Curator Picks
Quizzes by...
Day
Popularity
Type
Ratings
Length
Year
Community
Subscriptions
Recent Discussions
Orange Saloon
Badges
Playlists
Quests
Create
Leaderboards
Showdown
Live 5
Trivia Bingo
Activity
Puzzle Library
Sporcle Events
Private Events
Virtual Trivia
Globe League
Become a Host
Pub Owners
SporcleCon
Opinionation
Our Games
Videos
Blog
Mobile Apps
Partnerships
Remove Ads and Go Orange
Feedback
Gaming
Video Games
Board Games
Card Games
Pokémon
Mario
Nintendo
Minecraft
Console
Toys
Legend of Zelda
Gaming
Video Games
Board Games
Card Games
Pokémon
Mario
Nintendo
Minecraft
Console
Toys
Legend of Zelda
Random Quiz
Search Sporcle
×
Quiz Lab
Quiz Lab
Gaming
Codex
Type in answers that appear in a list
Type in answers that appear in a list
Classic
Best Score? Go Orange.
Necron Codex (2011) Units and Characters Stats
Can you name the Necron Codex (2011) Units and Characters?
By
Raglflagl
8m
31 Questions
172 Plays
172 Plays
172 Plays
Comments
Comments
Give Quiz Kudos
Give Quiz Kudos
-
- Ratings
hide this ad
Replay
Link that replays current quiz
Next Quiz
Link to next quiz in quiz playlist
You Got
0%
They Got
Avg Score
61%
Avg Friend Score
Upgrade to see
Score Distribution
Jump to the score distribution portion of the page
Score
0/31
Timer
08:00
0
Plays Today
FOC Type
Unit
% Correct
Troops
Warrior
90.7%
Troops
Immortal
87.8%
HQ (no slot)
Lord
86%
Fast Attack
Canoptek Scarabs
77.3%
HQ
Overlord
76.2%
Fast Attack
Canoptek Wraith
75%
Fast Attack
Destroyer
73.3%
Heavy Support
Monolith
73.3%
Ded. Transport
Ghost Ark
68%
Elites
Flayed One
67.4%
Heavy Support
Canoptek Spyder
67.4%
HQ (no slot)
Cryptek
66.9%
Elites
Lychguard
63.4%
Heavy Support
Doom Scythe
63.4%
Elites
Deathmark
62.8%
Ded. Transport
Night Scythe
62.2%
FOC Type
Unit
% Correct
Heavy Support
Doomsday Ark
61%
Elites
C'Tan Shard
59.3%
HQ
Imotekh The Stormlord
58.7%
HQ
Trazyn The Infinite
58.1%
HQ
Destroyer Lord
55.8%
Heavy Support
Annihilation Barge
54.1%
Ded. Transport
Catacomb Command Barge
51.2%
Elites
Triarch Stalker
50%
Elites
Triarch Praetorian
48.3%
Fast Attack
Tomb Blade
48.3%
HQ (no slot)
Vargard Obyron
41.9%
HQ
Orikan The Diviner
40.7%
HQ
Illuminor Szeras
35.5%
HQ
Anrakyr The Traveller
35.5%
HQ
Nemesor Zahndrekh
33.7%
Quiz Playlist
Details
Report
Send in Message
Add To Playlist
Classic:
Type in answers that appear in a list
Last Updated: Feb 16, 2017
Quiz Scoreboard
CHALLENGE
Sign Up to Join the Scoreboard
Show All
Scores
Hide
Comments
May contain spoilers
Recently Published
Image Sorting: Flags VI
by Barbecue
Geography
2m
Find the 'City' Movie
by crazypaving
Movies
60s
Colored Red Africa Blitz
by spor1
Geography
45s
More to Explore
Quiz From the Vault
Featured Blog Post
14 Easter Pick-up Lines to Find Eggs With
hide this ad
You Might Also Like...
Tags
2011
40k
Codex
space
Warhammer
Warhammer 40000
Today's Top Quizzes in Gaming
Browse Gaming
hide this ad
Top Contributed Quizzes in Gaming
1
League of Legends Pro Players by Career/Team History
2
Destiny 2 exotic weapons by perk icons
3
Genshin murder mystery
4
Dead By Daylight Logic Puzzle
5
Genshin Impact Logic Puzzle
6
Overwatch Logic Puzzle
7
4x4 Decades: Video Games
8
Who's on the WWE 2K24 Cover?
9
Overwatch 2: Ultimate Ability Icons
10
Valorant Agent Developer Names (Up to Clove)
Explore More
Trending Topics
NBA
Crossword
Marvel
Kpop
Harry Potter
Disney
Anime
Soccer
WWE
Pokémon
The Office
Song
Country
NFL
Puzzle
hide this ad
More By:
Raglflagl
Quiz
Plays
Rating
Category
Featured
Created
Overwatch Ages
721
5.00
Gaming
Dec 12, 2016
Come Fly With Me: Taaj’s Favourite Films
393
Television
Feb 12, 2020
Yu-Gi-Oh! Number Monsters
301
Gaming
Aug 18, 2014
Love, Death and Robots Volume 1 Episode Length Sort
225
Television
Jun 22, 2019
Necron Codex (2011) Units and Characters
172
4.50
Gaming
Jan 15, 2012
Go to Creator's Profile
Score Distribution
Quiz Creator Spotlight
Raglflagl
Follow
Send a Message
Quizzes Created
-
Created Quiz Play Count
-
More By This Creator
Popular Quizzes Today
1
Colored Red Africa Blitz
2
Find the US States - No Outlines Minefield
3
Find the 'City' Movie
4
5x2 Blitz: Bands
5
The Countries of the World
6
Find the US States
7
Find the Countries of Europe - No Outlines Minefield
8
US States
More Gaming Quizzes
Fifa 21 Icons
Quiz Lab
Trending Quizzes
Colored Red Europe Blitz I
Colored Red Europe Blitz II
Colored Red Africa Blitz II
Colored Red Europe Blitz III
Colored Red Africa Blitz III
Recently Updated
How Do You Spell That?
pecheneg
Godzilla Movies
pecheneg
Grab Bag: 4-10 Letters
pecheneg
2024 March Madness Bracket
pecheneg
Famous TV Couples
Peacemaker
Champions League XIs: Real Madrid
pecheneg
Largest US Cities 1790-2010
pecheneg
Rides in Walt Disney World
pecheneg
Most Oscar Losses (Acting)
pecheneg
Beyoncé Albums
pecheneg
Trending Topics
Harry Potter
Kpop
NBA
Crossword
Anime
Marvel
Disney
NFL
Puzzle
WWE
Pokémon
Soccer
Song
The Office
Country
Your Account Isn't Verified!
In order to create a playlist on Sporcle, you need to verify the email address you used during registration. Go to your
Sporcle Settings
to finish the process.
Report this User
Report this user for behavior that violates our
Community Guidelines
.
Details:
Send Report
Go to the Sporcle.com Mobile Site →
Comments